|
|
|
|
| LEADER |
01029nam a22002777a 4500 |
| 001 |
42432 |
| 003 |
BD-DhAAL |
| 005 |
20260128112142.0 |
| 008 |
240402t2003 enk||||| |||| 00| 1 eng d |
| 020 |
|
|
|a 9780571215164
|
| 040 |
|
|
|a BD-DhAAL
|c BD-DhAAL
|
| 082 |
|
|
|a 823.92
|2 22
|
| 100 |
|
|
|a Pierre, D. B. C.
|9 56180
|
| 245 |
|
|
|a Vernon God Little :
|b a 21st century comedy in the presence of death /
|c D.B.C. Pierre.
|
| 260 |
|
|
|a London :
|b Faber and Faber,
|c 2003.
|
| 300 |
|
|
|a 276 pages ;
|c 20 cm.
|
| 541 |
|
|
|a R. K. Corporation
|e 42432
|
| 586 |
|
|
|a Winner of the Man Booker Prize, 2003
|
| 650 |
|
|
|a High school students
|v Fiction.
|9 56261
|
| 650 |
|
|
|a School violence
|v Fiction.
|9 56262
|
| 650 |
|
|
|a Teenage boys
|v Fiction.
|
| 650 |
|
|
|a Massacres
|v Fiction.
|9 56263
|
| 651 |
|
|
|a Texas
|v Fiction.
|9 56264
|
| 942 |
|
|
|2 ddc
|c BK
|
| 999 |
|
|
|c 46482
|d 46482
|
| 952 |
|
|
|0 0
|1 0
|2 ddc
|4 0
|6 823_920000000000000_PIE
|7 0
|9 75294
|a BRACUL
|b BRACUL
|c AWC
|d 2024-03-28
|e R K Corporation
|g 1730.00
|l 0
|o 823.92 PIE
|p 3010042432
|r 2024-03-28
|t 1
|v 1730.00
|w 2024-03-28
|y AWC
|